000 01355nam a2200289 a 4500
001 BRCA_2547
005 20190320203847.0
008 261108s1863----sp-a---###---#000-0#spa-u
041 _aspa
044 _asp
084 _a155
_b.M37
_c1863
100 1 _aCervantes Saavedra, Miguel de
_d1547-1616
_9213
245 1 0 _aEl Ingenioso Hidalgo Don Quijote de la Mancha
_ccompuesto por Miguel de Cervantes Saavedra.
260 _aBarcelona
_bSociedad editorial la maravilla : Libreria española
_c1863
300 _a693 p.
_bil.
_c27 cm.
500 _aContenido : Primera parte. Dedicatoria del autor. Prólogo del autor. Versos preliminares. Texto. Segunda parte. Dedicatoria del autor. Prólogo del autor. Texto
500 _aEdición bien impresa y, aunque de surtido, con gusto tipográfico. Las ilustraciones, grabadas al boj, son dibujadas por Zarza y ejecutadas por Capuz. Semipiel; lomeras decoradas con adornos dorados Lúdovik Osterc
500 _aIncluye índice : De ilustraciones
500 _aQM141
650 1 4 _aNovela española
_yÉpoca clásica, 1500-1700
_9215
650 1 4 _aLiteratura española
_yÉpoca clásica, 1500-1700
_9216
650 1 4 _aNovela española
_ySiglo XVII
_9217
650 1 4 _aDon Quijote (Personaje ficticio)
_eNovela
_9218
740 0 _aEl Ingenioso Hidalgo Don Quijote de la Mancha
902 _aQFM
942 _2lcc
_cB
999 _c2287
_d2287